| 000 | 01379cam a2200265 4500500 | ||
|---|---|---|---|
| 005 | 20251228073526.0 | ||
| 041 | _afre | ||
| 042 | _adc | ||
| 100 | 1 | 0 |
_aBoudailliez, Sylvie _eauthor |
| 245 | 0 | 0 | _a« Première expérience d'écriture : une agonie » |
| 260 | _c2012. | ||
| 500 | _a62 | ||
| 520 | _aRésuméUn cas clinique, étayé par le livre de Louis Wolfson Le schizo et les langues, illustrera quelle fonction occupe l’écriture dans la schizophrénie, et notamment le passage par les langues étrangères, pour tenter de pallier la faille qu’évoque Jacques Lacan : « Il n’y a pas de rapport sexuel. » | ||
| 520 | _aA clinical case, backed up by Louis Wolfson’s Le schizo et les langues, illustrates the function performed by writing in schizophrenia, essentially the resort to foreign languages which mitigates the flaw referred to by Lacan when he claims that “There is no sexual relationship”. | ||
| 690 | _aÉcriture | ||
| 690 | _aLangues étrangères | ||
| 690 | _aRapport à la castration | ||
| 690 | _aSchizophrénie | ||
| 690 | _aForeign languages | ||
| 690 | _aRelation to castration | ||
| 690 | _aSchizophrenia | ||
| 690 | _aWriting | ||
| 786 | 0 | _nSavoirs et clinique | 15 | 1 | 2012-04-01 | p. 97-106 | 1634-3298 | |
| 856 | 4 | 1 | _uhttps://shs.cairn.info/revue-savoirs-et-cliniques-2012-1-page-97?lang=fr&redirect-ssocas=7080 |
| 999 |
_c1595373 _d1595373 |
||